000 00681cab a2200253 4500
001 ABS46976
008 090401t1992 xxu||||| |||| 00| 0 eng d
035 _a(Sirsi) u60251
041 _aeng
100 _aDavis, L.
245 _aTaking up the gauntlet
260 _c1992
350 _a0
490 _aChartered Quantity Surveyor
_v14(11/12) July 1992, 21(1)
520 _aProfiles Michael Rainbird, the RICS QS president.
650 _aCHARTERED QUANTITY SURVEYORS
650 _aABOUT RICS-RICS MEMBERS
650 _aQS PRESIDENT
650 _aRICS
690 _aPROFESSIONAL PRACTICE
690 _aQuantity surveying
_96263
942 _n0
948 _c04/03/1997
999 _c37123
_d37123